Animal Crossing: New Horizons Fish - Statistics

General Stats
  • This quiz has been taken 116 times
  • The average score is 37 of 80
Answer Stats
Location Species % Correct
Sea Sea Bass
89%
Sea Great White Shark
82%
Sea Hammerhead Shark
79%
Pond Goldfish
77%
River Black Bass
76%
River (Mouth) Salmon
74%
Pond Carp
70%
Sea Red Snapper
68%
River Frog
67%
Sea Ocean Sunfish
67%
Sea Whale Shark
67%
Sea (Rain) Coelacanth
65%
River (Mouth) Sturgeon
65%
River (Mouth) King Salmon
64%
Sea Clown Fish
62%
Pier Tuna
62%
Sea Football Fish
61%
Pier Blue Marlin
58%
Pond Koi
56%
Pond Pop-Eyed Goldfish
56%
Sea Squid
56%
River Crucian Carp
55%
Sea Horse Mackerel
55%
Sea Oarfish
55%
Sea Sea Horse
55%
Sea Suckerfish
55%
Sea Barreleye
53%
Sea Dab
52%
River Dorado
52%
Sea Saw Shark
52%
Sea Sea Butterfly
52%
River Tadpole
50%
Sea Olive Flounder
48%
Sea Surgeonfish
48%
River Arapaima
47%
River (Clifftop) Cherry Salmon
47%
Sea Ribbon Eel
47%
River Snapping Turtle
47%
River (Clifftop) Golden Trout
45%
Sea Zebra Turkeyfish
45%
Sea Barred Knifejaw
44%
Pier Mahi-Mahi
44%
Sea Napoleonfish
44%
River Soft-Shelled Turtle
44%
River (Clifftop) Stringfish
44%
River Angelfish
42%
Pond Gar
42%
Sea Moray Eel
42%
Sea Butterfly Fish
41%
Pond Ranchu Goldfish
41%
River Arowana
39%
River Mitten Crab
39%
Pond Crawfish
38%
River Dace
38%
River Neon Tetra
38%
Sea Puffer Fish
38%
Sea Anchovy
36%
Pond Catfish
35%
River Pike
35%
River Piranha
35%
River Pale Chub
33%
River Betta
32%
River Bitterling
32%
Pond Giant Snakehead
32%
Pier Giant Trevally
32%
River Guppy
32%
River Freshwater Goby
30%
River Bluegill
29%
River (Clifftop) Char
29%
Pond Killifish
29%
River Sweetfish
29%
Sea Ray
27%
River Yellow Perch
27%
Sea Blowfish
26%
River Pond Smelt
26%
River Tilapia
26%
River Saddled Bichir
23%
River Rainbowfish
21%
River Loach
20%
River Nibble Fish
12%
No matching quizzes found
Score Distribution
Percent of People with Each Score
Percentile by Number Answered
Your Score History
You have not taken this quiz